000 01636nam a22002657a 4500
999 _c63582
_d63582
003 Ge_BSU
005 20251106155205.0
008 251106s2025 ge ||||| |||| 00| 0 geo d
020 _a9789941875298
041 _ageo
080 _a341.217(4:479.22) ს-32
100 _aვეშაპიძე, შოთა
_926171
245 _aსაქართველოს ევროინტეგრაციული პერსპექტივა :
_b მონოგრაფია /
_cშ. ვეშაპიძე, ლ. ჯამაგიძე, ლ. კერესელიძე, ტ. ფუტკარაძე [და სხვა]; შოთა ვეშაპიძის საერთო რედაქციით; რედაქტორი თეიმურაზ შენგელია.
264 _aთბილისი,
_c2025.
300 _a242 გვ. :
_bდიაგრ., ცხრ. ;
_c24 სმ.
504 _aბიბლიოგრაფია: გვ. 214-234.
700 _aჯამაგიძე, ლელა
_eავტორი
_920467
700 _aკერესელიძე, ლევან
_eავტორი
_926172
700 _aფუტკარაძე, რამაზ
_eავტორი
_921350
700 _aდაუდიშვილი, თინა
_eავტორი
_926173
700 _aკიტაშვილი, სოფიკო
_eავტორი
_926174
700 _aმეგრელაძე, გიორგი
_926175
700 _aშენგელია, თეიმურაზ
_eრედაქტორი
_926176
942 _2udc
_cBK